LIBRARY & INFORMATION CENTRE, KCAET, TAVANUR

ONLINE PUBLIC ACCESS CATALOGUE (OPAC)

Principles of soil conservation and management / (Record no. 13856)

MARC details
000 -LEADER
fixed length control field 00422nam a22001697a 4500
003 - CONTROL NUMBER IDENTIFIER
control field OSt
008 - FIXED-LENGTH DATA ELEMENTS--GENERAL INFORMATION
fixed length control field 240320b |||||||| |||| 00| 0 eng d
020 ## - INTERNATIONAL STANDARD BOOK NUMBER
ISBN 9789048185290
041 ## - LANGUAGE CODE
Language code of text/sound track or separate title eng
082 ## - DEWEY DECIMAL CLASSIFICATION NUMBER
Classification number 631.45 BLA/PR
100 ## - MAIN ENTRY--AUTHOR NAME
Personal name Blanco, Humberto
100 ## - MAIN ENTRY--AUTHOR NAME
Personal name Rattan Lal
245 ## - TITLE STATEMENT
Title Principles of soil conservation and management /
260 ## - PUBLICATION, DISTRIBUTION, ETC. (IMPRINT)
Place of publication USA :
Name of publisher Springer,
Year of publication 2008.
300 ## - PHYSICAL DESCRIPTION
Number of Pages 617 p.
942 ## - ADDED ENTRY ELEMENTS (KOHA)
Koha item type Books
Holdings
Withdrawn status Lost status Damaged status Collection code Home library Current library Shelving location Date acquired Source of acquisition Cost, normal purchase price Full call number Accession Number Koha item type
      Non-fiction KAUAET KAUAET General Stacks 31/03/2012 Dreamtech ,Thiruvananthapuram 4812.56 631.45 BLA/PR 23437 Books
free website counter